000 00715nam a2200205 i 4500
001 146168
003 ES-MaACL
005 20251015164738.0
007 t|
008 070904s1971 sp a |||| | spa d
245 0 3 _aEl traje a través de los tiempos /
_cilustraciones seleccionadas por Erhard Klepper ; introducción por Manuel Rocamora ; textos traducidos por Juan Eduardo Cirlot.
260 _aBarcelona :
_bGustavo Gili,
_c1971.
300 _a144 p. :
_bil. ;
_c24 cm.
650 4 _aTraje-
_xHistoria.
_9136943
700 1 _aRocamora, Manuel.
_998025
700 1 _aCirlot, Juan-Eduardo,
_d1916-1973
_938898
700 1 _aKlepper, Erhard.
_968247
852 _aES-MaACL
_jC-45026
999 _c146168
_d146168